Food additives nutrients and supplements A to Z: a shopper's guide

সংরক্ষণ করুন:
গ্রন্থ-পঞ্জীর বিবরন
প্রধান লেখক: Renders, Eileen (Author)
বিন্যাস: গ্রন্থ
ভাষা:ইংরেজি
প্রকাশিত: Santa Fe Springs Clear Light Publishers 1999
বিষয়গুলি:
ট্যাগগুলো: ট্যাগ যুক্ত করুন
কোনো ট্যাগ নেই, প্রথমজন হিসাবে ট্যাগ করুন!

MARC

LEADER 00000nam a2200000 a 4500
001 UCP6679
003 CL-VaPUC
008 991112e19990000us |||||||||||||||||eng|d
082 0 4 |a 664.06  |b REN  |2 21 
100 0 |a Renders, Eileen  |e author  |9 435908 
245 1 0 |a Food additives nutrients and supplements A to Z: a shopper's guide 
300 |a 273 p 
942 |c BK 
945 |d 19991112 00:00:00  |a rbrito 
260 |a Santa Fe Springs  |b Clear Light Publishers  |c 1999 
650 0 |a Alimentos  |9 256203 
650 7 |a NUTRIENTES  |2 CL-VaPUC  |9 345765 
650 0 |a Hierbas   |9 339681 
650 7 |a DIETA ALIMENTICIA  |2 CL-VaPUC  |9 393837 
583 |a last modification  |c 20150511 04:20:46  |k Rodrigo Vera 
999 |c 284149  |d 284147 
952 |0 0  |1 0  |4 0  |6 664_060000000000000_REN_1999  |7 0  |8 A  |9 327919  |a BIBING  |b BIBING  |d 2019-11-20  |i 3575934  |o 664.06 REN 1999  |p 3575934  |r 2025-01-20  |w 2019-11-20  |y BK  |k EIB